|
|
|
|
| LEADER |
00639nab a2200181 i 4500 |
| 001 |
misc72095 |
| 005 |
20231222144911.0 |
| 008 |
231222s1937 hu o 000 hun d |
| 040 |
|
|
|a SZTE Miscellanea Repozitórium
|b hun
|
| 041 |
|
|
|a hun
|
| 100 |
1 |
|
|a Zsolt Béla
|
| 245 |
1 |
0 |
|a Nobel-díjas ország
|h [elektronikus dokumentum] /
|c Zsolt Béla
|
| 260 |
|
|
|c 1937-10-31
|
| 300 |
|
|
|a 1-2
|
| 490 |
0 |
|
|a Ujság
|v 13 No. 248
|
| 561 |
|
|
|a Szent-Györgyi Albertről szóló irodalom
|
| 695 |
|
|
|a Szent-Györgyi Albert, Hóman Bálint, Klebelsberg Kuno, C-vitamin, P-vitamin
|
| 856 |
4 |
0 |
|u http://misc.bibl.u-szeged.hu/72095/1/szgya_1937_030.pdf
|z Dokumentum-elérés
|